Statistics for World Capitals Chain Extreme

Click here to take the quiz!

General Stats

  • This quiz has been taken 40 times
  • The average score is 31 of 34

Answer Stats

HintAnswer% Correct
UAEAbu Dhabi
100%
NetherlandsAmsterdam
100%
GreeceAthens
100%
IrelandDublin
100%
CubaHavana
100%
SpainMadrid
100%
RussiaMoscow
100%
SwedenStockholm
100%
PolandWarsaw
100%
USAWashington DC
100%
New ZealandWellington
100%
BelgiumBrussels
97%
DenmarkCopenhagen
97%
UkraineKiev
97%
United KingdomLondon
97%
CanadaOttawa
97%
South KoreaSeoul
97%
AlgeriaAlgiers
95%
QatarDoha
95%
PakistanIslamabad
92%
BahamasNassau
92%
IcelandReykjavík
92%
Saudi ArabiaRiyadh
92%
LiechtensteinVaduz
92%
CroatiaZagreb
92%
CyprusNicosia
89%
MongoliaUlaanbaatar
89%
GhanaAccra
87%
El SalvadorSan Salvador
84%
Domincan RepublicSanto Domingo
82%
SamoaApia
71%
MyanmarNaypyidaw
71%
PalauNgerulmud
50%
Isle of ManDouglas
39%

Score Distribution

Percentile by Number Answered

Percent of People with Each Score

Your Score History

You have not taken this quiz